| 000 | 00980nam a2200277 a 4500 | ||
|---|---|---|---|
| 999 |
_c330738 _d330738 |
||
| 001 | 1557169 | ||
| 003 | NUST | ||
| 005 | 20180116123057.0 | ||
| 008 | 911226r19901898pk 000 0 eng | ||
| 010 | _a 91930434 | ||
| 020 | _a9799693515700 | ||
| 040 |
_aDLC _cDLC |
||
| 043 | _aa-pk--- | ||
| 050 | 0 | 0 |
_aDS392.D45 _bG39 1990 |
| 082 | 0 | 0 |
_a954.914 _bGAZ |
| 245 | 0 | 0 | _aGazetteer of the Dera Ghazi Khan District, 1893-97. |
| 250 | _aRev. ed. | ||
| 260 |
_aLahore : _bSang-e-Meel Publications, _c1990. |
||
| 300 |
_axi, 194 p. ; _c25 cm. |
||
| 500 | _aRunning title: Punjab gazetteer, D.G. Khan District. | ||
| 500 | _aOriginally published: Lahore : Punjab Govt., 1898. | ||
| 651 | 0 |
_aDera Ghāzi Khān District (Pakistan) _91332 |
|
| 740 | 0 | _aPunjab gazetteer, D.G. Khan District. | |
| 906 |
_a7 _bcbc _corignew _d2 _encip _f19 _gy-gencatlg |
||
| 942 |
_2ddc _cBK |
||